000 00911cpcaa2200253 4500
001 mm 87006197
003 DLC
005 20260227111722.0
008 870608|||||||||||| eng
010 _amm 87006197
040 _aDLC
_cDLC
_edacs
_dDLC
072 7 _aR
_2lcmd
100 0 _aBhumibol Adulyadej,
_cKing of Thailand,
_d1927-
245 0 0 _aBhumibol Adulyadej, King of Thailand, papers,
_f1983.
300 _a4
_fitems.
506 0 _aOpen to research.
533 _aIn part, positive photocopy.
_b[S.l.].
545 0 _aKing of Thailand.
546 _aCollection material in English.
580 _aForms part of: Miscellaneous Manuscripts collection.
656 7 _aKings.
_2itoamc
999 _c44167
_d44167